000 00758nam a2200205Ia 4500
008 0000002003 sp a 0000000000spa00
090 _aPSP00 G14j
100 1 _aGalindo, Jorge
_d1965
245 1 0 _aJorge Galindo
_c/ fotografías Oronoz
300 _a53 p.
_c/ 27 cm.
500 _aExposición realizada en Galería Soledad Lorenzo, Madrid, Abril 4 Mayo 10. 2003 \ Con el patronazgo del maestro venezolano Jesús Rafael Soto (q.e.p.d.)
600 0 0 _a GALINDO, JORGE, 1965 /
_xTRABAJOS PICTORICOS
650 1 4 _a PINTURA ESPAÑOLA
650 1 4 _aARTE CONTEMPORANEO ESPAÑOL
650 1 4 _xCATALOGOS
650 1 4 _xEXPOSICIONES
650 1 4 _aPINTORES ESPAÑOLES
700 1 _aOronoz
999 _c1066
_d1066
260 _aMadrid : Galería Soledad Lorenzo
_c2003